01103 2200313 4500001002100000005001500021035002000036007000300056008004100059040002200100082001400122084001400136090001600150245010800166300002400274500006700298500008900365650002000454850001200474041000800486710008000494264008100574336002100655337003000676338002300706990002000729990002000749990002000769INLIS00000000086195320210707104235 a0010-0721000188ta210707s2018 yoi g f m ind d aYOPDYOGbinderda a722.4b23 a722.4 KAK aL 722.4 KAK00aKaki Borobudur yang tersembunyi /calih bahasa, Badan Perpustakaan dan Arsip Daerah Istimewa Yogyakarta a68 halaman ;c29 cm aTeks dalam bahasa Indonesia, diterjemahkan dari bahasa Belanda aJudul Asli : Bidjdragen tot de taal, lamnd en volkenkunde Borobudur's verborgen voet 4aCandi Borobudur aYOPDYOG1 hdut2 aBadan Perpustakaan dan Arsip Daerah Daerah Istimewa Yogyakartaealih bahasa30aYogyakarta :bBadan Perpustakaan dan Arsip Daerah Istimewa Yogyakarta,c2018 2rdacontentateks 2rdamediaatanpa perantara 2rdacarrieravolume a67267-PD/A.2021 a67267-PD/A.2021 a72758-PD/A.2024